LEADER 01277nam a2200289 a 4500 001 000000142016 003 CaOOAMICUS 005 20150226135823.0 008 150226s1970 it af u000 u ita r 040 $aPUL$bita 100 1 $aFasoli, Gina,$d1905-1992.$0(OLS)http://pul/name/3265 245 10$aGuida allo studio della storia medievale, moderna, contemporanea /$cGina Fasoli con Aldo Berselli e Paolo Prodi. 250 $a3. ed. riveduta e ampliata. 260 $aBologna :$bPątron,$c1970. 300 $a212 p., [12] p. di tav. :$bill. ;$c22 cm 504 $aBibliografia in nota. 650 4$aMedioevo$xStoria.$0(OLS)http://pul/subject/1431 650 4$aStoria moderna.$0(OLS)http://pul/subject/2534 650 4$aStoria contemporanea$xStudi.$0(OLS)http://pul/subject/15157 700 1 $aProdi, Paolo.$0(OLS)http://pul/name/18623 700 1 $aBerselli, Aldo,$d1916-$0(OLS)http://pul/name/39626 850 $aPUL 852 $aPUL$W1$xDP1 Fondo Capitani$y116$m10 B 51$j163911$qFondi$B163967$CPULBib$Z2$F163967 $HCap343 $82 941 1 $a1 996 $6245$aGuida allo studio della storia medievale, moderna, contemporanea$9(OLS)http://pul/title/179760 996 $6260$aBologna :$bPątron$9(OLS)http://pul/publisher/48272 LEADER 01501nam a2200397 u 4500 001 000000062316 003 CaOOAMICUS 005 20070226121124.0 008 010926s1991 it u000 u ita u 020 $a883080486X 035 $a10904351 040 $aPUL(R)$bita 041 1 $aita$hfre 100 1 $aMateos, Juan,$cS.I.,$d1917-2003?.$0(OLS)http://pul/name/17262 240 10$aUtopia de Jesus.$lItaliano.$0(OLS)http://pul/title/83151 245 12$aL'utopia di Gesł /$cJuan Mateos. 260 $aAssisi :$bCittadella,$c1991. 300 $a181 p. ;$c21 cm 490 1 $aVangelo e vita 500 $aContiene indice. 504 $aBibliografia in nota. 600 04$aIesus Christus.$0(OLS)http://pul/subject/207 630 04$aBiblia.$pV.T.$0(OLS)http://pul/subject/1661 830 0$aVangelo e vita.$0(OLS)http://pul/title/42566 850 $aPUL 852 $aPUL$W1$xSL Religione 1$y3$m41 M 27$j81049$nBK-PRI$b $qStampati$B81049$CPULBib$Z2$F81049 $H $81 852 $aPUL$W1$xDP1 Fondo Bordoni$y120$m3 M 92$j168098$qFondi$B176694$CPULBib$Z2$F176694 $HBor254 $81 941 1 $a1 941 1 $a8 960 $aCristologia$9207 960 $aCristologia$9207 960 $aGesł Cristo$9207 961 $aINV: 69113 996 $6020$a883080486X$9(OLS)http://pul/number/80807 996 $6245$aL'utopia di Gesł$9(OLS)http://pul/title/83152 996 $6260$aAssisi :$bCittadella$9(OLS)http://pul/publisher/49668